<?xml version="1.0" encoding="UTF-8"?>
<collection xmlns="http://www.loc.gov/MARC21/slim">
 <record>
  <leader>01697nam a22002657a 4500</leader>
  <controlfield tag="001">NCT_60912</controlfield>
  <controlfield tag="008">190228b        xxu||||| |||| 00| 0 vie d</controlfield>
  <datafield tag="999" ind1=" " ind2=" ">
   <subfield code="c">2953</subfield>
   <subfield code="d">2953</subfield>
  </datafield>
  <datafield tag="020" ind1=" " ind2=" ">
   <subfield code="c">24000</subfield>
  </datafield>
  <datafield tag="082" ind1="0" ind2="4">
   <subfield code="2">23rd ed.</subfield>
   <subfield code="a">616.8</subfield>
   <subfield code="b">L561</subfield>
  </datafield>
  <datafield tag="100" ind1="1" ind2=" ">
   <subfield code="a">Hồ Hữu Lương</subfield>
   <subfield code="e">Chủ biên</subfield>
  </datafield>
  <datafield tag="245" ind1="1" ind2="0">
   <subfield code="a">Nhiễm khuẩn hệ thần kinh</subfield>
   <subfield code="c">Hồ Hữu Lương (chủ biên); Lê Đức Hinh, Nguyễn Hoàng Tuấn...</subfield>
  </datafield>
  <datafield tag="260" ind1=" " ind2=" ">
   <subfield code="a">H.</subfield>
   <subfield code="b">Y học</subfield>
   <subfield code="c">2005</subfield>
  </datafield>
  <datafield tag="300" ind1=" " ind2=" ">
   <subfield code="a">199 tr.</subfield>
   <subfield code="c">21cm</subfield>
  </datafield>
  <datafield tag="520" ind1="3" ind2=" ">
   <subfield code="a">Sách giới  thiệu những kiến thức và kinh nghiệm của các tác giả về các bệnh nhiễm khuẩn thần kinh thường gặp như viêm nhiễm virut, viêm màng não, áp xe nội sọ, ...</subfield>
  </datafield>
  <datafield tag="653" ind1=" " ind2=" ">
   <subfield code="a">Y Đa khoa</subfield>
  </datafield>
  <datafield tag="700" ind1="1" ind2=" ">
   <subfield code="a">Lê Đức Hinh</subfield>
  </datafield>
  <datafield tag="700" ind1="1" ind2=" ">
   <subfield code="a">Nguyễn Hoàng Tuấn</subfield>
  </datafield>
  <datafield tag="942" ind1=" " ind2=" ">
   <subfield code="2">ddc</subfield>
   <subfield code="c">BK</subfield>
  </datafield>
  <datafield tag="952" ind1=" " ind2=" ">
   <subfield code="0">0</subfield>
   <subfield code="1">0</subfield>
   <subfield code="2">ddc</subfield>
   <subfield code="4">0</subfield>
   <subfield code="6">616_800000000000000_L561</subfield>
   <subfield code="7">0</subfield>
   <subfield code="9">15954</subfield>
   <subfield code="a">000001</subfield>
   <subfield code="b">000001</subfield>
   <subfield code="d">2019-02-28</subfield>
   <subfield code="o">616.8 L561</subfield>
   <subfield code="p">MD.14609</subfield>
   <subfield code="r">2019-02-28</subfield>
   <subfield code="v">24000.00</subfield>
   <subfield code="w">2019-02-28</subfield>
   <subfield code="y">BK</subfield>
  </datafield>
  <datafield tag="952" ind1=" " ind2=" ">
   <subfield code="0">0</subfield>
   <subfield code="1">0</subfield>
   <subfield code="2">ddc</subfield>
   <subfield code="4">0</subfield>
   <subfield code="6">616_800000000000000_L561</subfield>
   <subfield code="7">0</subfield>
   <subfield code="9">15955</subfield>
   <subfield code="a">000001</subfield>
   <subfield code="b">000001</subfield>
   <subfield code="d">2019-02-28</subfield>
   <subfield code="o">616.8 L561</subfield>
   <subfield code="p">MD.14610</subfield>
   <subfield code="r">2019-02-28</subfield>
   <subfield code="v">24000.00</subfield>
   <subfield code="w">2019-02-28</subfield>
   <subfield code="y">BK</subfield>
  </datafield>
  <datafield tag="952" ind1=" " ind2=" ">
   <subfield code="0">0</subfield>
   <subfield code="1">0</subfield>
   <subfield code="2">ddc</subfield>
   <subfield code="4">0</subfield>
   <subfield code="6">616_800000000000000_L561</subfield>
   <subfield code="7">0</subfield>
   <subfield code="9">15956</subfield>
   <subfield code="a">000001</subfield>
   <subfield code="b">000001</subfield>
   <subfield code="d">2019-02-28</subfield>
   <subfield code="o">616.8 L561</subfield>
   <subfield code="p">MD.14611</subfield>
   <subfield code="r">2019-02-28</subfield>
   <subfield code="v">24000.00</subfield>
   <subfield code="w">2019-02-28</subfield>
   <subfield code="y">BK</subfield>
  </datafield>
  <datafield tag="952" ind1=" " ind2=" ">
   <subfield code="0">0</subfield>
   <subfield code="1">0</subfield>
   <subfield code="2">ddc</subfield>
   <subfield code="4">0</subfield>
   <subfield code="6">616_800000000000000_L561</subfield>
   <subfield code="7">0</subfield>
   <subfield code="9">15957</subfield>
   <subfield code="a">000001</subfield>
   <subfield code="b">000001</subfield>
   <subfield code="d">2019-02-28</subfield>
   <subfield code="o">616.8 L561</subfield>
   <subfield code="p">MD.14612</subfield>
   <subfield code="r">2019-02-28</subfield>
   <subfield code="v">24000.00</subfield>
   <subfield code="w">2019-02-28</subfield>
   <subfield code="y">BK</subfield>
  </datafield>
  <datafield tag="952" ind1=" " ind2=" ">
   <subfield code="0">0</subfield>
   <subfield code="1">0</subfield>
   <subfield code="2">ddc</subfield>
   <subfield code="4">0</subfield>
   <subfield code="6">616_800000000000000_L561</subfield>
   <subfield code="7">0</subfield>
   <subfield code="9">15958</subfield>
   <subfield code="a">000001</subfield>
   <subfield code="b">000001</subfield>
   <subfield code="d">2019-02-28</subfield>
   <subfield code="o">616.8 L561</subfield>
   <subfield code="p">MD.14613</subfield>
   <subfield code="r">2019-02-28</subfield>
   <subfield code="v">24000.00</subfield>
   <subfield code="w">2019-02-28</subfield>
   <subfield code="y">BK</subfield>
  </datafield>
  <datafield tag="980" ind1=" " ind2=" ">
   <subfield code="a">Thư viện Trường Đại học Nam Cần Thơ</subfield>
  </datafield>
 </record>
</collection>
